000 00314nam a2200133Ia 4500
100 _aDetmer richard E
942 _cBK
654 _aassembly language
245 _aFunds of assembly language programming
260 _bGalgotia Publications
_aNew Delhi
_c1992
300 _a530
546 _aENGLISH
999 _c31280
_d31280